Movies Quiz

Random Movies or Clickable Quiz

Movies by Ending Title Cards III Quiz Stats

 Plays Quiz Updated Oct 29, 2015

Challenge
Share
Tweet
Embed
Score 0/16 Timer 08:00
0 Plays Today
% Correct
The Madness of King George
95%
Cool Runnings
94.4%
American Sniper
91.2%
Gettysburg
91%
The Blind Side
88.9%
The Theory of Everything
86.4%
Capote
86.3%
The Hurricane
80.4%
% Correct
The Imitation Game
79.4%
Chariots of Fire
73%
The Insider
73%
Bugsy
72.9%
Foxcatcher
72.4%
Lone Survivor
71.7%
A Fish Called Wanda
69.4%
Changeling
58.6%

You're not logged in!

Compare scores with friends on all Sporcle quizzes.
Join for Free
OR
Log In

You Might Also Like...

Show Comments

Extras

Top Quizzes Today


Score Distribution

Your Account Isn't Verified!

In order to create a playlist on Sporcle, you need to verify the email address you used during registration. Go to your Sporcle Settings to finish the process.

Report this User

Report this user for behavior that violates our Community Guidelines.

Details: